[Event "Auckland Trusts op 45th"]
[Site "Auckland"]
[Date "2023.06.05"]
[Round "5"]
[White "Fulo, Nunilon III"]
[Black "Liu, Zikun Kenneth"]
[Result "1-0"]
[WhiteElo "2010"]
[BlackElo "1542"]
[PlyCount "47"]
[EventDate "2023.06.03"]
[EventType "swiss"]
[EventRounds "6"]
[EventCountry "NZL"]
[SourceTitle "EXT 2024"]
[Source "ChessBase"]
[SourceDate "2023.10.10"]
[SourceVersion "1"]
[SourceVersionDate "2023.10.10"]
[SourceQuality "1"]

1. e4 c5 2. Nf3 e6 3. d4 cxd4 4. Nxd4 a6 5. c4 Nf6 6. Nc3 Bb4 7. Bd3 Nc6 8. Nxc6 dxc6 9. a3 Bc5 10. 0-0 e5 11. h3 h5 12. Bg5 Be6 13. Qf3 Qe7 14. Ne2 0-0-0 15. b4 Bd4 16. Nxd4 Rxd4 17. b5 Bxc4 18. Bxc4 Rxc4 19. bxa6 bxa6 20. Rab1 Rc5 21. a4 Qc7 22. Rfd1 Rd8 23. Qf5+ Nd7 24. Bxd8 1-0

[Event "Auckland Trusts op 45th"]
[Site "Auckland"]
[Date "2023.06.03"]
[Round "2"]
[White "Liu, Zikun Kenneth"]
[Black "Tew, Yao Zen Markis"]
[Result "1-0"]
[WhiteElo "1542"]
[BlackElo "1686"]
[PlyCount "63"]
[EventDate "2023.06.03"]
[EventType "swiss"]
[EventRounds "6"]
[EventCountry "NZL"]
[SourceTitle "EXT 2024"]
[Source "ChessBase"]
[SourceDate "2023.10.10"]
[SourceVersion "1"]
[SourceVersionDate "2023.10.10"]
[SourceQuality "1"]

1. e4 c5 2. Nf3 e6 3. d4 cxd4 4. Nxd4 Nf6 5. Nc3 Nc6 6. Be3 Bb4 7. Bd3 d5 8. exd5 Nxd5 9. Nde2 Nxe3 10. fxe3 Qg5 11. 0-0 Qxe3+ 12. Kh1 0-0 13. Nf4 Bxc3 14. bxc3 Qc5 15. Rb1 g6 16. Rb5 Qe7 17. Rf3 a6 18. Rb1 Ne5 19. Rg3 Rd8 20. Qh5 Nxd3 21. cxd3 Qc7 22. Qg5 e5 23. Nh5 Kf8 24. Nf6 Be6 25. Nxh7+ Kg7 26. Nf6 Bxa2 27. Rf1 Qd6 28. c4 Rh8 29. Ne4 Qe6 30. Rf6 Qe8 31. Nd6 Qe7 32. Rxg6+ 1-0

[Event "Auckland Trusts op 45th"]
[Site "Auckland"]
[Date "2023.06.03"]
[Round "1"]
[White "Runcan, Daniel Ioan"]
[Black "Liu, Zikun Kenneth"]
[Result "1-0"]
[WhiteElo "1896"]
[BlackElo "1542"]
[PlyCount "111"]
[EventDate "2023.06.03"]
[EventType "swiss"]
[EventRounds "6"]
[EventCountry "NZL"]
[SourceTitle "EXT 2024"]
[Source "ChessBase"]
[SourceDate "2023.10.10"]
[SourceVersion "1"]
[SourceVersionDate "2023.10.10"]
[SourceQuality "1"]

1. d4 Nf6 2. Bg5 g6 3. Bxf6 exf6 4. g3 Bg7 5. Bg2 0-0 6. e3 f5 7. Ne2 d5 8. 0-0 c6 9. Nd2 Nd7 10. c4 Nf6 11. Rc1 Ne4 12. Qc2 Be6 13. Nf4 Rc8 14. Rfd1 Qe7 15. a3 g5 16. Nxe6 fxe6 17. b4 Nf6 18. Qd3 f4 19. exf4 gxf4 20. Re1 Qf7 21. Re2 fxg3 22. hxg3 Nd7 23. Bh3 e5 24. cxd5 cxd5 25. Rxc8 Rxc8 26. Qf5 Rc7 27. Qxf7+ Kxf7 28. Bxd7 Rxd7 29. dxe5 Ke6 30. f4 Rc7 31. Re3 Bf8 32. Nb3 Rc4 33. Rd3 h5 34. Nd4+ Ke7 35. Kg2 Kd7 36. Kh3 Be7 37. Nf5 Ke6 38. Nxe7 Kxe7 39. Rxd5 Rc3 40. Ra5 a6 41. Kh4 Rd3 42. Rc5 Kd7 43. a4 Rb3 44. Rc4 Ke6 45. Rd4 Kf5 46. a5 Rb1 47. Kh3 Rh1+ 48. Kg2 Rb1 49. Rd6 Kg4 50. Rg6+ Kf5 51. Rg5+ Ke6 52. Rxh5 Rxb4 53. Rh6+ Kf5 54. Rf6+ Ke4 55. e6 Kd5 56. f5 1-0

[Event "Henderson Trusts op-B 44th"]
[Site "Henderson"]
[Date "2022.06.04"]
[Round "2"]
[White "Coates, Alex"]
[Black "Liu, Zikun Kenneth"]
[Result "1-0"]
[WhiteElo "1294"]
[BlackElo "1541"]
[PlyCount "67"]
[EventDate "2022.06.04"]
[EventType "swiss"]
[EventRounds "6"]
[EventCountry "NZL"]
[SourceTitle "EXT 2024"]
[Source "ChessBase"]
[SourceDate "2023.10.10"]
[SourceVersion "1"]
[SourceVersionDate "2023.10.10"]
[SourceQuality "1"]

1. d4 Nf6 2. c4 g6 3. Nc3 Bg7 4. e4 d6 5. f3 0-0 6. Nge2 e5 7. d5 Ne8 8. Be3 f5 9. exf5 gxf5 10. Qd2 Nd7 11. h4 f4 12. Bf2 Nb6 13. Nc1 Bf5 14. Bxb6 axb6 15. Bd3 Bxd3 16. Nxd3 Nf6 17. h5 h6 18. Qf2 Qd7 19. 0-0-0 Qf5 20. Qh4 c6 21. dxc6 bxc6 22. Nb4 Qe6 23. Nxc6 Qxc4 24. Ne7+ Kf7 25. Nf5 Qc5 26. Nxd6+ Kg8 27. Kb1 Rfb8 28. Nde4 Nxe4 29. Nxe4 Qa5 30. a3 Qb5 31. Qg4 Ra7 32. Rd6 Rc7 33. Rhd1 Rcc8 34. Rd7 1-0

[Event "Henderson Trusts op-B 43rd"]
[Site "Henderson"]
[Date "2021.06.06"]
[Round "4"]
[White "Liu, Zikun Kenneth"]
[Black "Buciu, Aurel John"]
[Result "1-0"]
[WhiteElo "1579"]
[BlackElo "1669"]
[PlyCount "35"]
[EventDate "2021.06.05"]
[EventType "swiss"]
[EventRounds "6"]
[EventCountry "NZL"]
[SourceTitle "EXT 2024"]
[Source "ChessBase"]
[SourceDate "2023.10.10"]
[SourceVersion "1"]
[SourceVersionDate "2023.10.10"]
[SourceQuality "1"]

1. e4 e6 2. d4 b6 3. Bd3 Bb7 4. c3 d5 5. e5 c5 6. Ne2 Nc6 7. 0-0 f6 8. Nf4 Ke7 9. Qh5 Qe8 10. Bg6 hxg6 11. Qxh8 Nh6 12. Qh7 g5 13. Ng6+ Kf7 14. f4 gxf4 15. Bxf4 Nf5 16. exf6 cxd4 17. Bg5 dxc3 18. Nh8# 1-0